| 000 | 00477nam a2200157Ia 4500 | ||
|---|---|---|---|
| 008 | 241217s9999||||xx |||||||||||||| ||und|| | ||
| 020 |
_a9789676012685 _c23.95 |
||
| 040 |
_beng _cSSK Library _erda |
||
| 082 | _a658.312404/IBR | ||
| 100 | _a Ibrahim Bin Mamat | ||
| 245 | 0 | _aEffective Design And Successful Management Of Training | |
| 260 |
_b Eastview Publications Sdn. Bhd. _c©2001 |
||
| 942 |
_2Dewey Decimal Classification _cBOOK _nNo |
||
| 999 |
_c21888 _d21888 |
||
| 003 | OSt | ||
| 005 | 20241217112823.0 | ||